000
00312nam a22001457a 4500
003
SGT
020
_a
9788197133329
082
_a
345.06
_b
SAR
100
_a
SARKAR
245
_a
THE BHARATIYA SAKSHYA ADHINIYAM
260
_a
KOLKATA
_b
KAMAL LAW HOUSE
_c
2025
300
_a
2840
490
_a
1-2
942
_2
ddc
_c
BK
999
_c
34372
_d
34372